Directori dels arxius de Catalunya
Descripción Física:
79 p. ; 18 cm
Materias:
Arxius -- Catalunya -- Directoris
MARC
| LEADER | 00000nam a2200000Ia 4500 | ||
|---|---|---|---|
| 001 | 8944 | ||
| 008 | 160829s1989 xx 000 0 cat d | ||
| 080 | |a A-2-44 | ||
| 245 | |a Directori dels arxius de Catalunya | ||
| 260 | |a Barcelona : |b Generalitat de Catalunya. Departament de Cultura, |c 1989 | ||
| 300 | |a 79 p. ; |c 18 cm | ||
| 590 | |a A la part superior de la portada: Direcció General del Patrimoni Cultural. Servei d' Arxius. | ||
| 650 | |a Arxius |x Catalunya |x Directoris |9 28541 | ||
| 710 | 2 | |a Catalunya. |b Departament de Cultura |9 52819 | |
| 901 | |a Arxiu | ||
| 942 | |n 1 | ||
| 952 | |0 0 |1 0 |4 0 |6 A244 |7 1 |9 47673 |a Arxiu |b Arxiu |d 2016-12-01 |l 0 |o A-2-44 |p 8944 |r 2016-12-01 00:00:00 |w 2016-12-01 |y ARXIU | ||
| 999 | |c 51472 |d 51472 | ||